000 00526nam a22001697a 4500
999 _c144475
_d144475
010 _aENG-120391
020 _a9789382191896
_c125.00
035 _aEN-103923
037 _bDBAD /PUB
082 _aS
100 _aOmji Singh
245 _aThe lighted path:
_cby Omji Singh
_ba motivational feast with stories /
260 _aChandigarh
_bMohindra Capital Publishers
_c2017
270 _aPlot No-25/7, Indl.Area, Phase-II( Near Tribune Chowk)
_bChandigarh
_e160002
300 _a91,p.
_c22cm(pbk)
942 _2ddc
_cEN
_hS
_mOMJ